• 首页
  • 本馆介绍
  • 公告通知
  • 最新文献
  • 馆藏检索
  • 电子资源
  • 读者导购
  • 参考咨询
  • 我的图书馆
  • 登录
  • 详细信息显示
  • 放入我的书架
  • 预约/预借图书
  • 作者相关作品
  • 分类相关作品
  • 丛书相关作品
  • 出版社相关作品

书目信息

  • 表格格式
  • 工作单格式
  • 卡片格式
题名:
生物催化
    
 
作者: 博马留斯 , Bommarius , 里贝尔 , Riebel 著 ;孙志浩 , 许建和 译
分册:  
出版信息: 北京   化学工业出版社  2006
页数: 486页
开本: 25cm
丛书名: 工业生物技术译著系列
单 册:
中图分类: Q814
科图分类:
主题词: 生物--催化
电子资源:
ISBN: 7-5025-8279-7
000 01393oam2 2200361 450
001 012004048681
005 20080303091818.39
009 012004048681
010    @a7-5025-8279-7@b精装@dCNY68.00
035    @a(110019)012006048319
100    @a20060622d2006 em y0chiy0110 ea
101 1  @achi@cger
102    @aCN@b110000
105    @ay z 001yy
106    @ar
200 1  @a生物催化@Asheng wu cui hua@e基础与应用@dBiocatalysis@efundamentals and applications@f(德)安德列亚斯 S.博马留斯(Andreas S.Bommarius), (德)贝蒂娜 R.里贝尔(Bettina R.Riebel)著@g孙志浩, 许建和译@zeng
210    @a北京@c化学工业出版社@d2006
215    @a486页@d25cm
225 2  @a工业生物技术译著系列
305    @a本书由WILEY-VCH Verlag GmbH & Co. KGaA授权出版
330    @a本书主要阐述了与生物催化相关的反应、产品与过程,详细介绍了生物催化剂的特性与筛选,生物催化的分子生物学工具,蛋白质分子定向进化,蛋白质工程等内容。
461  0 @12001 @a工业生物技术译著系列
510 1  @aBiocatalysis@efundamentals and applications@zeng
606 0  @a生物@x催化
690    @aQ814@v4
701  1 @c(德)@a博马留斯@Abo ma liu si@bA. S.@4著
701  1 @c(德)@aBommarius@bAndreas S.@4著
701  1 @c(德)@a里贝尔@Ali bei er@bB. R.@4著
701  1 @c(德)@aRiebel@bBettina R.@4著
702  0 @a孙志浩@Asun zhi hao@4译
702  0 @a许建和@Axu jian he@4译
801  0 @aCN@b110019@c20080303
905    @dQ814@e142@f4
    
    生物催化:基础与应用=Biocatalysis:fundamentals and applications/(德)安德列亚斯 S.博马留斯(Andreas S.Bommarius), (德)贝蒂娜 R.里贝尔(Bettina R.Riebel)著/孙志浩, 许建和译.-北京:化学工业出版社,2006
    486页;25cm.-(工业生物技术译著系列)
    
    
    ISBN 7-5025-8279-7(精装):CNY68.00
    本书主要阐述了与生物催化相关的反应、产品与过程,详细介绍了生物催化剂的特性与筛选,生物催化的分子生物学工具,蛋白质分子定向进化,蛋白质工程等内容。
●
相关链接 在E读中查询图书 在五车中查询图书 在当当中查询图书 在豆瓣中查询图书


正题名:生物催化     索取号:Q814/142         预约/预借

序号 登录号 条形码 馆藏地/架位号 状态 备注
1 0614621   206146213   第二样本阅览室/ [索取号:Q814/142] 在馆    
2 0614622   206146222   第三借阅区/ [索取号:Q814/142] 在馆    
3 0614623   206146231   第三借阅区/ [索取号:Q814/142] 在馆    
4 0614624   206146240   第三借阅区/ [索取号:Q814/142] 在馆    
唐山师范学院图书馆 欢迎您!
大连网信软件有限公司© 版权所有